000 01494nam a2200421 i 4500
001 32031
003 KOSZ 005
005 20220406130457.0
008 020718s1977 pl a f f |001 0 pol
015 _aPB 1978/1686
035 _a(OCoLC)831043140
040 _aWA N
_cWA N
_dKOSZ 005/EG
_dKOSZ 005/HR
041 1 _apol
_hang
046 _k1977
080 _a535
080 _a(075.8)
100 1 _aMeyer-Arendt, Jurgen R.
_eAutor
245 1 0 _aWstęp do optyki /
_cJ. R. Meyer-Arendt ; [z ang. tł. Stanisław Kozikowski, Jerzy Prochorow].
246 1 _iTyt. oryg.:
_aIntroduction to classical and modern optics, 1972.
260 _aWarszawa :
_bPaństwowe Wydaw. Naukowe,
_c1977.
300 _a468, [3] s. :
_bil., tab., wykr. ;
_c25 cm.
336 _2rdacontent
_aTekst
_btxt
337 _2rdamedia
_aBez urządzenia pośredniczącego
_bn
338 _2rdacarrier
_aWolumin
_bnc
380 _aKsiążki
380 _aPublikacje dydaktyczne
385 _mPoziom nauczania
_aSzkoły wyższe
388 _a1901-2000
388 _a1945-1989
504 _aBibliogr. przy rozdz. - Indeks.
650 4 _aOptyka
658 _aFizyka i astronomia
700 1 _aKozikowski, Stanisław
_eTłumaczenie
700 1 _aProchorow, Jerzy
_d(1938- )
_eTłumaczenie
710 2 _aPaństwowe Wydawnictwo Naukowe
_4pbl.
856 _uhttp://koha.tu.koszalin.pl/cgi-bin/koha/opac-detail.pl?biblionumber=32031
_yKatalog online BPK
942 _2UKD
_cKS
999 _c32031
_d32031